000 00765nam a2200253 a 4500
008
020 _a0805385355 (hbk.)
049 _aMAIN
090 _aQR41.2
100 1 _aTortora, Gerard J.
245 1 0 _aMicrobiology :
_ban introduction /
_cGerard J. Tortora, Berdell R. Funke, Christine L. Case.
250 _a6th ed.
260 _aMenlo Park, Calif. :
_bBenjamin/Cummings Pub. Co.,
_c1998.
300 _axxiv, 832 p. :
_bill. (some col.) ;
_c27 cm.
500 _aIncludes index.
650 0 _aMicrobiology.
700 1 _aFunke, Berdell R.
700 1 _aCase, Christine L.
907 _a.b1013671x
_b15-06-05
_c21-09-04
003
005 20230123133829.0
040 _cNUST
942 _cBOOKS
_kQR41.2
999 _c155361
_d155361